000 01086nam0a22002651 4500
001 rc\679510
005 20031121165915.2
035 _a(NLR Aleph) 005916961
090 _a6436101
_c6436101
100 _a20031121d1985 u |0rusy50 ca
101 0 _arus
102 _aRU
105 _aa |||||||||
200 1 _aАвтоматизация предприятий стекольной промышленности
_f[Приняли участие Г. Бретфельд и др.]
_gПод ред. Г. Бретфельда
_gПер. с нем. Г.М. Кофмана
_gПод ред. В.Б. Сыркова
210 _aМ.
_cСтройиздат
_d1985
215 _a165 с.
_cил.
_d22
300 _aПеревод изд.: Einfuhrung in die Automatisierungstechnik der Glasindustrie (Leipzig)
320 _aБиблиогр.: с. 162 (21 назв.)
702 1 _aБретфельд
_bГ.
_4570
702 1 _aСырков
_bВ. Б.
_gВалентин Борисович
_4340
801 0 _aRU
_bNLR
_gpsbo
801 1 _aRU
_bELAR
_2rusmarc
852 _aNLR
_j85-5/7274
942 _cBOOK
980 _aNB